| 000 | 01343cam a22002535a 4500 | ||
|---|---|---|---|
| 001 | E146975 | ||
| 008 | 090318s2009 xxk f 000 0 eng d | ||
| 020 | _a9781842194485 | ||
| 035 | _a(Sirsi) u146975 | ||
| 041 | 0 | _aeng | |
| 050 | 0 | 4 | _a346.410434 $2 18 |
| 100 | 1 | _aKidd, Daniel | |
| 245 | 0 | 0 |
_aLandlords' consents _ba practical guide |
| 260 |
_aCoventry _bRICS _c2009 |
||
| 300 |
_axxviii, 340p. _c24cm. |
||
| 505 | 2 | _aPreface -- List of Acts, Statutory Instruments and abbreviations -- Table of cases -- Introduction: how to approach landlords' consents -- Identifying the need for consent -- Alienation -- Alterations -- Changing use -- Applying for consent -- Responding to an application -- Refusing consent or imposing conditions -- Costs and premiums -- Granting consent -- Enforcing rights -- Appendices: key words and concepts explained; transformation of qualified convenants; selected legislation -- References | |
| 520 | _aOffers guidance to surveyors on dealing with restrictions on how a tenant may assign, sublet, maker alterations to, or change the use of, a property. Includes case studies, checklists and sample letters. | ||
| 521 | _aAdvanced | ||
| 590 | _aKA | ||
| 651 | 4 |
_aEngland and Wales _y1543- |
|
| 690 | _aPROPERTY-LEASEHOLD PROPERTY-LANDLORD AND TENANT | ||
| 700 | 1 | _aHiggins, Gabrielle | |
| 942 | _n0 | ||
| 999 |
_c109374 _d109374 |
||